Las retenciones a las exportaciones y el deber de contribuir (Registro nro. 14085)

Detalles MARC
000 -LEADER
fixed length control field 00348 a2200109 4500
001 - CONTROL NUMBER
control field ART_51372
005 - DATE AND TIME OF LATEST TRANSACTION
control field 20260410161649.0
008 - FIXED-LENGTH DATA ELEMENTS--GENERAL INFORMATION
fixed length control field 260409a
100 1# - MAIN ENTRY--PERSONAL NAME
Personal name Bibiloni, Mario J.
245 10 - TITLE STATEMENT
Title Las retenciones a las exportaciones y el deber de contribuir
773 0# - HOST ITEM ENTRY
Title Consultor tributario
Related parts - Año 14, N° 159 (mayo 2020)
Record control number REV474

No hay ítems disponibles.